| 000 | 00623nam a22001697a 4500 | ||
|---|---|---|---|
| 003 | OSt | ||
| 005 | 20260203160638.0 | ||
| 008 | 260203b |||||||| |||| 00| 0 eng d | ||
| 040 | _cMRSPTU | ||
| 041 | _aEnglish | ||
| 100 | _aManpreet Singh, Supervisor: Dr. Manjeet Bansal | ||
| 245 | _a An Experimental Investigation for Strength Properties of High Strength Concrete by Partial Replacement of Cement with Micro Silica and Nano Silica | ||
| 260 |
_bDepartment of Civil Engg. MRSPTU, Bathinda _c2018 |
||
| 650 | _aCivil Engineering | ||
| 856 | _uhttp://163.47.215.52:8080/jspui/handle/123456789/346 | ||
| 942 |
_2ddc _cTH _n0 |
||
| 999 |
_c10844 _d10844 |
||